Представление документа в формате RUSMARC

ПолеНазваниеЗначение
  Тип записи a
  Библиографический уровень a
001 Контрольный номер UONB/MAIN/f05705a80b7b44388612ce6bc0b3c152
005 Дата корректировки 20260423123826.6
100 Данные общей обработки __
a Данные общей обработки 20260423 ||| 0rusy0189 ca
101 Язык документа 0_
a Язык текста rus
102 Страна публикации __
a Страна публикации RU
200 Заглавие и сведения об ответственности 1_
a Заглавие Судебная летопись Сенгилеевского района: от истоков до наших дней
f Первые сведения об ответственности Н. Шестаева
203 Вид содержания и тип средства __
a Вид содержания Текст
b Характеристика содержания визуальный
c Тип средства непосредственный
215 Физическое описание __
c Иллюстрации/тип воспроизводства ил., портр.
330 Аннотация __
a Аннотация История Сенгилеевского районного суда.
461 Уровень набора _0
1 2000
a Волжские зори
463 Уровень физической единицы _0
1 2000
a № 16 (7166) (17 апреля)
v С. 10
1 2101
d 2026
1 001UONB/MAIN/1bccc51cd8dc4bcc9be335f1bf35c444
601 Наименование организации как предмет 02
a Наименование организации как предмет Сенгилеевский районный суд
607 Географические рубрики __
a Географическое наименование Сенгилей, город (Сенгилеевский район ; Ульяновская область)
610 Ключевые слова 0_
a Ключевые слова суды; народные суды; судьи; народные судьи; история судов
686 Индексы других классификаций __
2 Код системы rubbk
a Классификационный индекс 67.690
700 Автор _1
a Фамилия Шестаева
b Имя (инициалы) Н.
801 Источник записи _0
a Страна RU
b Организация Ульяновская ОНБ
c Дата составления 20260423
g Правила каталогизации RCR
801 Источник записи _1
a Страна RU
b Организация Ульяновская ОНБ
c Дата составления 20260423
g Правила каталогизации RCR
901 Тип документа __
t Тип документа f
w Контрольный № источника UONB/MAIN/1bccc51cd8dc4bcc9be335f1bf35c444
909 Создатель записи __
a Создатель записи Мухаметжанова
b Дата создания записи 20260423